000 00826nam a2200253Ia 4500
003 GCL
008 140319s9999 xx 000 0 ara d
040 _aGCL /
_cGCL
082 0 4 _a320.5
_bع د
100 1 _aعبدالعظيم مناف
245 1 0 _aدفاع عن العروبة /
_cعبدالعظيم مناف
260 _a[S.N] :
_bدار الموقف العربى للصحافة والنشر والتوزيع
300 _a488 ص
490 _a
650 0 4 _aمصر
650 0 4 _aالعالم العربى
650 0 4 _aالاحوال السياسية
650 0 4 _aالنزاع العربى الاسرائيلى
650 0 4 _aاتفاقيات كامب ديفيد
650 0 4 _aالوحدة العربية
650 0 4 _aالقومية العربية
650 0 4 _aالاتفاقيات
942 _2ddc
_cBK
999 _c31017
_d31017